Verbes irréguliers-page 2 - Statistiques

Statistiques générales
  • Ce quiz a été pris 46 fois
  • Le résultat moyen est 35 sur 64
Statistiques - réponses
Infinitif Prétérit Participe passé Traduction % Correct
make made made faire
100%
lose lost lost perdre
100%
meet met met rencontrer
97%
read read read lire
95%
put put put mettre
95%
pay paid paid payer
95%
run ran run courir
92%
say said said dire
92%
tell told told dire
92%
sleep slept slept dormir
90%
speak spoke spoken parler
87%
see saw seen voir
87%
send sent sent envoyer
85%
win won won gagner
85%
let let let laisser
85%
swim swam swum nager
85%
smell smelt smelt sentir
85%
understand understood understood comprendre
82%
write wrote written écrire
82%
take took taken prendre
82%
shoot shot shot tirer
82%
sell sold sold vendre
82%
sing sang sung chanter
79%
think thought thought penser
79%
shine shone shone briller
77%
spell spelt spelt épeler
77%
teach taught taught enseigner
74%
show showed shown montrer
74%
shake shook shaken secouer
74%
spend spent spent dépenser
72%
light lit lit allumer
67%
slide slid slid glisser
67%
wear wore worn porter
67%
wake woke woken réveiller
67%
steal stole stolen voler
67%
ring rang rung sonner
64%
shut shut shut fermer
56%
throw threw thrown jeter
54%
sit sat sat (s') asseoir
51%
rise rose risen se lever
49%
stick stuck stuck coller
44%
split split split diviser
36%
swear swore sworn jurer
36%
spit spat spat cracher
31%
mean meant meant vouloir dire
26%
strike struck struck frapper
23%
sew sewed sewn coudre
18%
set set set placer
18%
sweep swept swept balayer
15%
tear tore torn déchirer
15%
spread spread spread étaler
15%
stand stood stood être debout
15%
saw sawed sawn scier
15%
mow mowed mown tondre
15%
stink stank stunk sentir mauvais
13%
sting stung stung piquer
10%
ride rode ridden aller(à cheval ou à bicyclette)
3%
lie lay lain être couché
3%
spring sprang sprung jaillir
3%
speed sped sped se presser
3%
spoil spoilt spoilt abîmer, gâter(un enfant)
0%
stride strode stridden marcher
0%
sink sank sunk (s') enfoncer
0%
upset upset upset troubler
0%
Aucun quiz correspondant
Distribution des résultats
% des personnes avec chaque résultat
Percentile par nombre de réponses
Votre historique - résultats
Vous n’avez pas pris ce quiz